000 00394nam a22001337a 4500
008 230605b xxu||||| |||| 00| 0 eng d
082 _a327
_bDIP
110 _d2007
245 _aDiplomatic History
_cThe Journal of the Society for Historian of American Foreign Relations
260 _aUSA
_bBlackwell Publishing
_c2007
300 _a800 p
440 _n4
_pSeptember
_v31
_x14677709
942 _2ddc
_cBK
999 _c314
_d314